| 000 | 00386nam a2200157Ia 4500 | ||
|---|---|---|---|
| 005 | 20250425040839.0 | ||
| 008 | 240331s9999 xx 000 0 und d | ||
| 020 | _a9552053471 | ||
| 082 |
_bJAY _a891 |
||
| 100 | _aJayakody,S | ||
| 245 | 0 | _aKarnalge birindawaru - 1 | |
| 260 |
_aColombo _bGodage & Brothers _c2001 |
||
| 300 | _a192 p ., ( P 1) | ||
| 650 | _aSinhala Fiction | ||
| 942 | _cL | ||
| 999 |
_c5638 _d5638 |
||